| 000 | 01068nam0a22002651 4500 | ||
|---|---|---|---|
| 001 | rc\4182541 | ||
| 005 | 20250611122856.0 | ||
| 021 |
_aRU _b[54-3792ж] |
||
| 035 | _a(NLR Aleph) 008190957 | ||
| 090 |
_a7975472 _c7975472 |
||
| 100 | _a20130415d1954 |||y0rusy50 ca | ||
| 101 | 0 | _arus | |
| 102 | _aRU | ||
| 105 | _aa z ||||| | ||
| 200 | 1 |
_aТехнология изготовления штампованной алюминиевой посуды _e(Информ. материал) _fМ-во трансп. и тяжелого машиностроения СССР. Всесоюз. проектно-технол. ин-т ВПТИ |
|
| 210 |
_aМосква _cОтд. техн. информации _d1954 |
||
| 215 |
_a34 л., 26 л. черт. _d20х29 |
||
| 225 | 1 |
_aОбмен техническим опытом _vВып. 22 |
|
| 300 | _aСтеклогр. изд. | ||
| 606 |
_aПосуда алюминиевая _xПроизводство _2psbo |
||
| 801 | 0 |
_aRU _bNLR _gpsbo |
|
| 801 | 1 |
_aRU _bELAR _2rusmarc |
|
| 852 |
_aNLR _jП11/779 |
||
| 942 | _cBOOK | ||
| 980 | _aNB | ||